000 00766nam a22002537a 4500
003 CHAP
005 20220329135629.0
008 971013s r 00010 d
010 _a39623
011 _a40595
035 _a44721
040 _cCHAP
090 _aFolleto 9152
100 0 0 _aMontoya Carrillo, Manuel.
_977975
245 _aConceptos básicos normativos del desarrollo agropecuario en Tabasco
260 _aCárdenas, Tab. :
_bColegio Superior de Agricultura Tropical,
_c(197?)
300 _a4 h
590 _aBATCH-UPD
_b10
_c20130110
_lUCH01
_h1140
590 _aCONVERSION
_b10
_c20130109
_lUCH01
_h1322
650 1 4 _aAgricultura
_xTabasco.
_91830
901 _aBK
942 _cFOLL
949 _aFolleto 9152
_bBC
_cFOLL
_d-102479
_eTS1
_i44721
_mD
_si
999 _c39623
_d39623